Book Titles Missing a Number Quiz Stats

 Plays Quiz Updated May 16, 2015

Challenge
Share
Tweet
Embed
Score 0/22 Timer 04:00
5 Plays Today
% Correct
3
96.4%
2
95.1%
80
93.4%
22
93.3%
1984
91.2%
20,000
87.9%
451
84.8%
5
78.1%
1
77.7%
1,001
68.1%
100
66.1%
% Correct
1985
54.9%
39
48%
7
39.4%
1,000,000
39.1%
49
32.4%
4
32.3%
500
28.5%
12
27.5%
6
21.5%
99
16.4%
89
7.6%

You're not logged in!

Compare scores with friends on all Sporcle quizzes.
Join for Free
OR
Log In

You Might Also Like...

Show Comments

Extras

Top Quizzes Today


Score Distribution

Your Account Isn't Verified!

In order to create a playlist on Sporcle, you need to verify the email address you used during registration. Go to your Sporcle Settings to finish the process.

Report this User

Report this user for behavior that violates our Community Guidelines.

Details: